| 000 | 00531nam a2200193Ia 4500 | ||
|---|---|---|---|
| 001 | 10928 | ||
| 003 | 21887 | ||
| 005 | 20251010062551.0 | ||
| 008 | ||||||n9999 ||| || || | ||
| 041 | _aspa | ||
| 110 | 2 |
_aEmpresa Colombiana de Petróleos _911603 |
|
| 245 | 0 | _aInformacion general del complejo industrial de Barrancabermeja | |
| 260 |
_aBogotá : _bEmpresa Colombiana de Petróleos-ECOPETROL, _c1987. |
||
| 300 | _ap.v. | ||
| 562 | _e1 | ||
| 650 |
_aCOLOMBIA _918118 |
||
| 650 | 0 |
_aPetróleo _92357 |
|
| 942 | _cDO-GO | ||
| 999 |
_c10928 _d10928 |
||